000 00933nam a22001937a 4500
005 20250403152018.0
010 _aHIN- 129582
020 _c808.00
_a9788190946339
035 _aHN-101928
037 _bDBAD
082 _a821.08
100 _aभारद्वाज, कौशल्या
_980233
245 _aकलि रामायण/
_c कौशल्या भरद्वाज.
250 _a1
260 _aनई दिल्ली
_bभारद्वाज प्रिंटर्स
_c2010
270 _bनई दिल्ली
_a40 ए, बिन्दापुर- मटियाला रोड़, सुभाष पार्क एक्स्तेंतियो एक्सटेंशन 2, उत्तम नगर
_e110059
_k9999375914, 9211251479
300 _a232,पृष्ट
_c23सेमी (सजिल्द)
942 _2ddc
_cHN
_h821.08
_mभरद्वाज
_e1
999 _c210745
_d210745